=LDR 00000nam 2200000 4500 =001 INLIS000000000008571 =005 20130612100425 =008 ***********************************Ind** =035 ##$$0010-061300000008571 =041 ##$$a Ind =082 ##$$a 372.6 =090 ##$$a 372.6, Luk p =100 ##$$a Lukman =245 ##$$a pelajaran Bhs Indonesia 2A, Lukman,BA =260 ##$$a 2001 $b Jakarta =300 ##$$a 128 hlm, 28 cm =650 ##$$a Bhs Indonesia